Democracia y Resistencia al ajuste /

Guardado en:
Bibliografiske detaljer
Hovedforfatter: Borges, Welkis
Format: Texto
Tags: Tilføj Tag
Ingen Tags, Vær først til at tagge denne postø!

MARC

LEADER 00000 a a2200000 04500
001 46752
003
040
090 |a REV1025 (10) 1993  
100 |a Borges, Welkis  
245 |a Democracia y Resistencia al ajuste /  |c Welkis Borges  
773 |g número10, páginas69-99  
999 |c 40254  |d 40254